000 00433nam a2200169Ia 4500
008 220531s9999 xx 000 0 und d
041 _amar
100 _aकाकोडकर चंद्रकांत
_944264
245 _aस्‍वयंवरा
250 _a1ST
260 _bGeeta
_c1999
300 _a1262
542 _d14-06-2002
650 _aGeneral
_944265
906 _d2002-2003
999 _c26232
_d26232